00458 2200181 4500001002100000005001500021008004100036020001800077035001900095041000700114082000800121090001400129100001500143245002800158260003700186300001900223650003400242INLIS00000000001513320241224114857241224||||||||| | ||| |||| || |  a979-692-431-5 0010-1224015133 aid0 a551 a551 ISK g0 aL.Iskandar00aGEOGRAFI 2 KELAS X1 SMA aBandungbRemaja Rosdakaryac2005 a174hlm;17x25cm 0ailmu Pengetahuan Tentang Bumi